40 pays au PIB les plus élevés - 2022 - Statistiques

Statistiques générales
  • Ce quiz a été pris 534 fois
  • Le résultat moyen est 32 sur 40
Statistiques - réponses
Hint Réponse % Correct
25,347 Etats Unis
100%
19,911 Chine
99%
3,013 France
99%
1,829 Russie
99%
2,221 Canada
98%
4,257 Allemagne
97%
1,822 Brésil
97%
3,535 Inde
97%
4,912 Japon
97%
1,436 Espagne
96%
3,376 Royaume-Uni
95%
2,058 Italie
94%
1,323 Mexique
93%
1,748 Australie
91%
491 Argentine
90%
1,804 Corée du Sud
88%
420 Afrique du Sud
87%
627 Suède
87%
813 Suisse
87%
482 Norvège
86%
834 Arabie Saoudite
85%
674 Pologne
83%
1,289 Indonésie
82%
600 Belgique
81%
1,014 Pays-Bas
81%
404 Egypte
80%
815 Turquie
79%
477 Autriche
76%
397 Danemark
73%
499 Irlande
69%
505 Thaïlande
67%
441 Nigéria
64%
363 Viet Nam
60%
482 Israël
55%
372 Malaisie
55%
397 Singapour
55%
394 Philippines
48%
416 Bangladesh
39%
482 Venezuela
33%
368 Hong Kong
12%
Aucun quiz correspondant
Distribution des résultats
% des personnes avec chaque résultat
Percentile par nombre de réponses
Votre historique - résultats
Vous n’avez pas pris ce quiz